Kluby PlusLigi2024/25 na podstawie siatkarzy Igrzysk Olimpijskich2024 - Statystyki

Ogólne statystyki
  • Ten quiz został rozwiązany 142 razy
  • Średni wynik to 21 z 35
Statystyki odpowiedzi
Hint Odpowiedź % Poprawnych
Wilfredo Leon BOGDANKA LUK Lublin
82%
Tomasz Fornal Jastrzębski Węgiel
82%
Paweł Zatorski Asseco Resovia Rzeszów
77%
Norbert Huber Jastrzębski Węgiel
76%
Bartosz Kurek ZAKSA Kędzierzyn-Koźle
73%
David Smith ZAKSA Kędzierzyn-Koźle
72%
Łukasz Kaczmarek Jastrzębski Węgiel
71%
Marcin Janusz ZAKSA Kędzierzyn-Koźle
71%
Mateusz Bieniek Aluron CMC Warta Zawiercie
70%
Klemen Čebulj Asseco Resovia Rzeszów
70%
Grzegorz Łomacz PGE GiEK Skra Bełchatów
70%
Erik Shoji ZAKSA Kędzierzyn-Koźle
70%
Benjamin Toniutti Jastrzębski Węgiel
68%
Anton Brehme Jastrzębski Węgiel
68%
Timothee Carle Jastrzębski Węgiel
67%
Bartłomiej Bołądź Projekt Warszawa
66%
Kevin Tillie Projekt Warszawa
65%
Aaron Russell Aluron CMC Warta Zawiercie
64%
Jakub Kochanowski Projekt Warszawa
63%
Lukas Kampa Trefl Gdańsk
60%
Luciano Vicentin Jastrzębski Węgiel
59%
Gregor Ropret Asseco Resovia Rzeszów
57%
Kyle Ensing Aluron CMC Warta Zawiercie
56%
Tobias Brand Projekt Warszawa
52%
Thales Hoss BOGDANKA LUK Lublin
51%
Fynn McCarthy BOGDANKA LUK Lublin
51%
Miran Kujundžić PGE GiEK Skra Bełchatów
49%
Matias Sanchez Ślepsk Malow Suwałki
49%
Žiga Štern PGE GiEK Skra Bełchatów
48%
Moritz Karlitzek Indykpol AZS Olsztyn
46%
Henrique Honorato Ślepsk Malow Suwałki
45%
Pavle Perić PGE GiEK Skra Bełchatów
41%
Nicolas Zerba PSG Stal Nysa
41%
Quentin Jouffroy Ślepsk Malow Suwałki
39%
Vuk Todorović Cuprum Stilon Gorzów
36%
Nie znaleziono quizów pasujących do podanych kryteriów
Rozkład punktacji
Procent ludzi z każdym wynikiem
Percentyl według liczby udzielonych odpowiedzi
Twoja historia wyników
Nie rozwiązałeś tego quizu